Kentucky Basketball Players 2025-2026 - Statistics

General Stats
  • This quiz has been taken 33 times
  • The average score is 13 of 16
Answer Stats
Hint Answer % Correct
G Oweh
97%
F Garrison
90%
G Aberdeen
87%
G Chandler
84%
G Lowe
84%
F Moreno
84%
G Noah
81%
F Quaintance
81%
F Dioubate
77%
G Horn
77%
G Williams
77%
F Tow
74%
F Hawthorne
71%
G Johnson
71%
F Potter
71%
F Jelavic
68%
No matching quizzes found
Score Distribution
Percent of People with Each Score
Percentile by Number Answered
Your Score History
You have not taken this quiz